Normal view
MARC view
- Appleyard D R & Field A J
Entry Personal Name
001 - CONTROL NUMBER
- control field: 110459
003 - CONTROL NUMBER IDENTIFIER
- control field: OSt
005 - DATE AND TIME OF LATEST TRANSACTION
- control field: 20230125043754.0
008 - FIXED-LENGTH DATA ELEMENTS
- fixed length control field: 230125|| aca||aabn | a|a d
040 ## - CATALOGING SOURCE
- Original cataloging agency: OSt
- Transcribing agency: OSt
100 ## - HEADING--PERSONAL NAME
- Personal name: Appleyard D R & Field A J
670 ## - SOURCE DATA FOUND
- Source citation: Work cat.: (OSt)87305: Appleyard D R 110458, International Economics, 2014